Pueblo, época y desarrollo: la sociología de América Latina

Gorde:
Xehetasun bibliografikoak
Egile Nagusiak: Briceño León, Roberto (Egilea), Sonntag, Heinz R (Egilea)
Formatua: Liburua
Hizkuntza:gaztelania
Argitaratua: Caracas Centro de Estudios del Desarrollo 1998
Gaiak:
Etiketak: Etiketa erantsi
Etiketarik gabe, Izan zaitez lehena erregistro honi etiketa jartzen!

MARC

LEADER 00000nam a2200000 a 4500
001 UCP1968
003 CL-VaPUC
008 990430e19980000VE |||||||||||||||||spa|d
082 0 4 |a 301  |b BRI  |2 21 
100 0 |a Briceño León, Roberto  |e author  |9 428333 
700 0 |a Sonntag, Heinz R  |e author  |9 428334 
245 1 0 |a Pueblo, época y desarrollo: la sociología de América Latina 
300 |a 152 p 
942 |c BK 
945 |d 19990430 00:00:00  |a rbrito 
260 |a Caracas  |b Centro de Estudios del Desarrollo  |c 1998 
650 0 |a Sociología   |9 255410 
650 0 |a Cultura  |9 269059 
650 0 |a Ciencias sociales   |9 256351 
650 0 |a Sociología de la educación   |9 260380 
583 |a last modification  |c 19990430 00:00:00  |k Rodrigo Vera 
999 |c 280584  |d 280582 
952 |0 0  |1 0  |4 0  |6 301_000000000000000_BRI_1998  |7 0  |8 A  |9 320948  |a BIBGIM  |b BIBGIM  |d 2019-11-20  |i 3511065  |o 301 BRI 1998  |p 3511065  |r 2025-01-15  |w 2019-11-20  |y BK  |k SSL